00638nam a22002057a 450000500170000001000110001702000100002803500110003803700160004904000120006508200160007710000230009324500670011626000490018327000480023230000250028050000500030565000230035565000540037820170124110035.0 a794135 c00.00 a794135 bCen Lib/Ret adplbEN a883.08bSHA aShahane, Vasant A. aE.M.Forster :cby Vasant A.Shahaneba study in double vision / bArnold-Heinemann PublishersaNew Delhic1975 aAB/9, Safdarjang EnclavebNew Delhie110001 axii,130p. c20cm(Hb) aIncludes bibliographical references and index aForster, Edward M. aForster, E. M. -- (Edward Morgan), -- 1879-1970.